000 01140nac a22003857a 4500
001 BR0302807
003 BR-BrBNA
005 20240105122822.0
008 230509b bl.|||m| |||| 00| 0 por d
040 _aBR-BrBNA
_bpor
_cBiblioteca Nacional de Agricultura
072 _aF01
090 _a0311 BR0302807
100 1 _aFontes, H.R.
100 1 _aFerreira, J.M.S.
110 1 _aEMBRAPA Tabuleiros Costeiros, Aracaju, SE (Brasil)
245 1 _aSistemas de produção de mudas de coqueiro
260 3 _aAracaju, SE (Brasil):
_c2000.
300 _a35 p.
490 _aCircular Técnica - EMBRAPA Tabuleiros Costeiros (Brazil)
_vno. 15
_xISSN 1517-1310
500 _a22 illus.; 15 ref.
650 _aCOCO
650 _aSEMENTE
650 _aMUDA
650 _aGERMINAÇÃO
650 _aPRAGA DE PLANTA
650 _aDOENÇA DE PLANTA
650 _aTRANSPORTE
650 _aCONTROLE BIOLÓGICO
650 _aCONTROLE QUÍMICO
650 _aMÉTODO DE MELHORAMENTO
650 _aDENSIDADE DE PLANTIO
650 _aCULTIVO INTERCALADO
909 _a202312
_bLúcia Elande
_c55
_dLúcia Elande
942 _2AGRIS
_n0
_cMS
999 _c292938
_d292938